00346nam a2200133 a 450008200190000010000220001924500240004126000420006530000080010750000350011550500240015065000160017470000220019000a305.40954bSUB aSubbamma, Malladi aAtrocities on Women aHyderabadbMalladi Publicationsc1987 a62p aincludes index and biblioraphy2 aBibliography, Index aWomen-India1 aSubbamma, Malladi